000 00970nam a2200265Ia 4500
003 OSt
005 20220923211023.0
006 a|||||r|||| 00| 0
007 ta
008 220922b |||||||| |||| 00| 0 hin d
020 _a817055747X (hbk)
_c400
024 _a282,907
037 _b317, 10/01/2015, Vani Prakashan
_cTextual
040 _aARTS
_cARTS
_bhin
041 _2hin
_ahin
082 _aV2y7M69, 152P3
100 _aप्रभाकर, विष्णु
_9157238
245 0 _aगॉंधी* समय, समाज और संस्कृति
246 _aGaॉandhī: samaya, samāj aur sanskṛuti
260 _aनयी दिल्ली
_b वाणी प्रकाशन
_c2003
300 _a192पृ.
_ccm.
650 _aविश्व-इतिहास
_9157239
942 _hV2y7M69, 152P3
_cTEXL
_2CC
999 _c294059
_d294059